Wszystkie czerwone skiny w CS2 - Statystyki

Ogólne statystyki
  • Ten quiz został rozwiązany 121 razy
  • Średni wynik to 42 z 91
Statystyki odpowiedzi
Broń Skin % Poprawnych
M4A4 Howl
83%
AWP Dragon Lore
81%
R8 Revolver Fade
73%
AWP Fade
73%
P90 Asiimov
72%
AK-47 Asiimov
72%
AWP Asiimov
72%
M4A4 Asiimov
72%
Desert Eagle Printstream
72%
USP-S Printstream
72%
M4A1-S Printstream
72%
MP7 Bloodsport
66%
AK-47 Bloodsport
66%
USP-S Kill Confirmed
66%
Five-SeveN Hyper Beast
64%
AWP Hyper Beast
64%
M4A1-S Hyper Beast
64%
AWP Medusa
62%
MAC-10 Neon Rider
61%
AK-47 Neon Rider
61%
AK-47 Fire Serpent
59%
Glock-18 Neo-Noir
59%
USP-S Neo-Noir
59%
AWP Neo-Noir
59%
M4A4 Neo-Noir
59%
AK-47 Vulcan
55%
AWP Gungnir
54%
USP-S The Traitor
53%
AK-47 Legion of Anubis
52%
Glock-18 Wasteland Rebel
51%
AK-47 Wasteland Rebel
51%
CZ75-Auto Victoria
50%
P2000 Fire Elemental
49%
M4A1-S Cyrex
48%
Desert Eagle Golden Koi
47%
AK-47 Jaguar
47%
Sawed-Off The Kraken
47%
AK-47 Wild Lotus
47%
AUG Chameleon
46%
Galil AR Chatterbox
46%
Desert Eagle Code Red
46%
AK-47 Fuel Injector
46%
AK-47 The Empress
46%
AWP The Prince
46%
SSG 08 Blood in the Water
45%
P90 Death by Kitty
45%
AWP Desert Hydra
45%
AK-47 Head Shot
45%
Glock-18 Gamma Doppler
44%
P250 See Ya Later
44%
AK-47 X-Ray
44%
M4A4 X-Ray
44%
SSG 08 Dragonfire
43%
AK-47 Neon Revolution
43%
AWP Lightning Strike
41%
M4A1-S Mecha Industries
41%
Glock-18 Bullet Queen
40%
AWP Wildfire
40%
AWP Man-o'-war
38%
AK-47 Gold Arabesque
37%
Desert Eagle Ocean Drive
36%
M4A1-S Player Two
36%
AK-47 Nightwish
35%
M4A1-S Welcome to the Jungle
35%
Five-SeveN Angry Mob
34%
AK-47 Aquamarine Revenge
34%
M4A1-S Golden Coil
34%
M4A4 The Emperor
34%
AWP Chrome Cannon
33%
AUG Akihabara Accept
32%
AK-47 Inheritance
32%
FAMAS Roll Cage
32%
M4A4 Buzz Kill
31%
AWP Chromatic Aberration
31%
M4A4 Bullet Rain
30%
M4A1-S Chantico's Fire
30%
FAMAS Commemoration
30%
AWP Oni Taiji
30%
AWP Containment Breach
29%
M4A4 Desert-Strike
29%
M4A4 Temukau
29%
PP-Bizon Judgement of Anubis
28%
MP9 Starlight Protector
27%
AK-47 Leet Museo
26%
MAC-10 Stalker
26%
M4A4 Eye of Horus
23%
M4A4 The Coalition
21%
M4A1-S Imminent Danger
20%
M4A4 Royal Paladin
20%
M4A4 The Battlestar
18%
M4A4 In Living Color
17%
Nie znaleziono quizów pasujących do podanych kryteriów
Rozkład punktacji
Procent ludzi z każdym wynikiem
Percentyl według liczby udzielonych odpowiedzi
Twoja historia wyników
Nie rozwiązałeś tego quizu